Statistics for Top 20 Words Starting With FL

Click here to take the quiz!

General Stats

  • This quiz has been taken 923 times
    (917 since last reset)
  • The average score is 11 of 20

Answer Stats

ranklettersword% Correct
44flow
94%
33fly
89%
24flat
86%
154flee
82%
104flag
76%
115flame
74%
76flower
71%
15floor
64%
95flood
61%
85flash
57%
56flight
55%
175fleet
49%
125float
46%
146/7flavor /
flavour
42%
65flesh
37%
205flank
33%
185flush
31%
165flora
21%
135fluid
20%
198flourish
11%

Score Distribution

Percentile by Number Answered

Percent of People with Each Score

Your Score History

You have not taken this quiz since the last reset